LEADER 02306nam 22006014a 450 001 9910452039903321 005 20200520144314.0 010 $a1-61091-109-1 010 $a1-59726-926-3 010 $a1-4175-3948-8 035 $a(CKB)1000000000449183 035 $a(EBL)3317444 035 $a(OCoLC)56506157 035 $a(SSID)ssj0000252342 035 $a(PQKBManifestationID)11209376 035 $a(PQKBTitleCode)TC0000252342 035 $a(PQKBWorkID)10175529 035 $a(PQKB)11216294 035 $a(MiAaPQ)EBC3317444 035 $a(PPN)175461783 035 $a(Au-PeEL)EBL3317444 035 $a(CaPaEBR)ebr10196544 035 $a(EXLCZ)991000000000449183 100 $a20030430d2003 uy 0 101 0 $aeng 135 $aur|n|---||||| 181 $ctxt 182 $cc 183 $acr 200 10$aStreets and the shaping of towns and cities$b[electronic resource] /$fMichael Southworth, Eran Ben-Joseph 210 $aWashington, DC $cIsland Press$d2003 215 $a1 online resource (209 p.) 300 $aDescription based upon print version of record. 311 $a1-55963-916-4 320 $aIncludes bibliographical references (p. 184-188) and index. 327 $aTitle Page; Copyright Page; Contents; Acknowledgments; Introduction: Street Standards and the Built Environment; Ch. 1: Gritty Cities and Picturesque Villages; Ch. 2: Orderly Streets for Healthy Cities; Ch. 3: Streets for the Motor Age; Ch. 4: Bureaucracy Takes Control; Ch. 5: Streets for Living; Ch. 6: Tomorrow's Streets; Appendix A: Chronology of Events in theDevelopment of Residential Street Standards; Appendix B: A Graphic Survey of Street Cross Sections; Appendix C: Narrow Streets Data; Chapter End Notes; Other References; Index 606 $aStreets$xDesign 606 $aCity planning 606 $aStreets$xStandards 608 $aElectronic books. 615 0$aStreets$xDesign. 615 0$aCity planning. 615 0$aStreets$xStandards. 676 $a711/.41 700 $aSouthworth$b Michael$011144 701 $aBen-Joseph$b Eran$0778432 801 0$bMiAaPQ 801 1$bMiAaPQ 801 2$bMiAaPQ 906 $aBOOK 912 $a9910452039903321 996 $aStreets and the shaping of towns and cities$92259100 997 $aUNINA LEADER 02115oam 2200637Kn 450 001 9910712922703321 005 20200504143231.0 024 8 $aGOVPUB-C13-8ffb7649afed8a1299e4a2fbcfe9a586 035 $a(CKB)5470000002498969 035 $a(OCoLC)793937444$z(OCoLC)761132965$z(OCoLC)798054668$z(OCoLC)926731486 035 $a(OCoLC)995470000002498969 035 $a(EXLCZ)995470000002498969 100 $a20120518d1931 ua 0 101 0 $aeng 135 $aurbn||||||abp 135 $aurbn||||||ada 181 $ctxt$2rdacontent 182 $cc$2rdamedia 183 $acr$2rdacarrier 200 10$aFilters for the reproduction of sunlight and daylight and the determination of color temperature /$fby Raymond Davis [and] K.S. Gibson. January 21, 1931 210 1$aWashington :$cU.S. Govt. Print. Off.,$d1931. 215 $a1 online resource (1 preliminary leaf, 165 including tables, diagrams) $c2 plates 225 1 $aMiscellaneous publication, Bureau of Standards ;$v114 300 $aContributed record: Metadata reviewed, not verified. Some fields updated by batch processes. 320 $aIncludes bibliographical references (pages 163-165). 606 $aColor 606 $aLight filters 606 $aPhotographic optics 606 $aColor$2fast 606 $aLight filters$2fast 606 $aPhotographic optics$2fast 615 0$aColor. 615 0$aLight filters. 615 0$aPhotographic optics. 615 7$aColor. 615 7$aLight filters. 615 7$aPhotographic optics. 676 $a535.2 676 $a506.1 700 $aDavis$b Raymond$f1888-$01394233 702 $aGibson$b K. S$g(Kasson Stanford),$f1890- 801 0$bOCLCE 801 1$bOCLCE 801 2$bOCLCO 801 2$bOCLCQ 801 2$bOCLCO 801 2$bOCLCF 801 2$bOCLCQ 801 2$bOCLCO 801 2$bOCLCQ 801 2$bNBS 801 2$bOCLCQ 906 $aBOOK 912 $a9910712922703321 996 $aFilters for the reproduction of sunlight and daylight and the determination of color temperature$93451317 997 $aUNINA LEADER 01380nas 2200385 a 450 001 9910141054003321 005 20260218111239.0 011 $a0941-3774 035 $a(SFX)2670000000108763 035 $a(CONSER) 52043575 035 $a(DE-599)ZDB2574810-5 035 $a(CKB)2670000000108763 035 $a(DE-599)2574810-5 035 $a(EXLCZ)992670000000108763 100 $a20121118cuuuuuuuu -u- - 101 0 $ager 200 $aStatistisches Jahrbuch ... für die Bundesrepublik Deutschland 210 $aStuttgart $cW. Kohlhammer 215 $a1 online resource 300 $aIssues for <1991-> published: Stuttgart : Metzler-Poeschel. 300 $aDescription based on: 1978; title from cover. 311 08$aPrint version: Statistisches Jahrbuch ... für die Bundesrepublik Deutschland 0941-3774 (DLC)###52043575# (OCoLC)1085441 606 $aStatistics$zGermany, West$vPeriodicals 607 $aGermany (West)$vStatistics$vPeriodicals 607 $aGermany$vStatistics$vPeriodicals 607 $aGermany$2gtt 615 2$aStatistics 676 $a314.3 712 02$aGermany (West).$bStatistisches Bundesamt. 712 02$aGermany.$bStatistisches Bundesamt. 906 $aJOURNAL 912 $a9910141054003321 920 $aexl_impl conversion 996 $aStatistisches Jahrbuch fur die Bundesrepublik Deutschland$9750198 997 $aUNINA